| 000 | 02472cam a2200325 i 4500 | ||
|---|---|---|---|
| 001 | 10570963 | ||
| 003 | CaAEU | ||
| 005 | 20250617073553.0 | ||
| 008 | 230316t20242024enka b 001 0 eng d | ||
| 010 | _a 2023934719 | ||
| 020 |
_a9781509555772 _q(paperback) |
||
| 020 |
_a9781509555765 _q(hardback) |
||
| 035 | _aon1378710524 | ||
| 040 |
_aYDX _beng _erda _cDLC _dYDX _dUKMGB _dOCLCF _dF3N _dMNG _dOCLCO _dLMR _dOG# _dCOD _dOCLCO _dMCO |
||
| 041 | _aEnglish | ||
| 042 | _alccopycat | ||
| 050 | 0 | 0 |
_aQ334.7 _b.L56 2024 |
| 090 |
_aQ 334.7 L56 2024 _bAEKC |
||
| 100 |
_aLindgren, Simon, _eauthor. _925482 |
||
| 245 | 1 | 0 |
_aCritical theory of AI _c/ Simon Lindgren. |
| 246 | 1 | 3 | _aCritical theory of artificial intelligence |
| 264 | 1 |
_aCambridge, UK ; _aHoboken, NJ : _bPolity Press, _c2024. |
|
| 264 | 4 | _c©2024 | |
| 300 |
_a209 pages : _billustrations ; _c22 cm |
||
| 504 | _aIncludes bibliographical references (pages 171-201) and index. | ||
| 505 | 0 | _aAI and critical theory — AI assemblage — Ideology behind AI — Ideology within AI — Social machines — AI at work — AI subjects — AI in the loop. | |
| 520 |
_aWe live in an age of artificial intelligence. Machines think and act in ever more complex ways, making suggestions and decisions on our behalf. While AI might be seen as practical and profitable, issues of data surveillance, algorithmic control, and sexist and racist bias persist. In this rapidly changing landscape, social analysis of AI risks getting scaled down to issues of 'ethics', 'responsibility', and 'fairness'. While these are important issues, they must be addressed not from an 'AI first' perspective, but more thoroughly in terms of power and contention. Approaching artificial intelligence from the often overlooked perspective of critical social theory, this book provides a much-needed intervention on how both old and new theories conceptualize the social consequences of AI. Questions are posed about the ideologies driving AI, the mythologies surrounding AI, and the complex relationship between AI and power. Simon Lindgren provides a way of defining AI as an object of social and political critique, and guides the reader through a set of contentious areas where AI and politics intersect. In relation to these topics, critical theories are drawn upon, both as an argument for and an illustration of how AI can be critiqued. -- _cProvided by publisher. |
||
| 650 | 0 |
_aArtificial Intelligence _xPhilosophy. _913980 |
|
| 942 | _2lcc | ||
| 999 |
_c4753 _d4753 |
||